6-Letter TV Shows Quiz Stats

 Plays Quiz Updated Jul 13, 2014

Support Sporcle.
Go Orange.
Score 0/16 Timer 05:00
0 Plays Today
Show % Correct
Batman
98.2%
Scrubs
94.4%
Cheers
88.7%
Lassie
87.7%
Mr. Bean
86.3%
Dr. Phil
84.7%
Dexter
78.4%
Arthur
75.5%
Show % Correct
Dallas
74%
Mad Men
70.5%
CatDog
65.2%
Archer
63.9%
Castle
54.2%
iCarly
53.1%
Benson
34.4%
Hunter
20.5%

From the Vault

Missing Middles Medley: P

by MSUKent

Just thinking about saying all these 'P' words in a row is a tongue twister.
Remove Ads.
Support Sporcle.
Get the best of Sporcle when you Go Orange. This ad-free experience offers more features, more stats, and more fun while also helping to support Sporcle. Thank you for becoming a member.

Show Comments

Extras

Top Quizzes Today


Score Distribution

Your Account Isn't Verified!

In order to create a playlist on Sporcle, you need to verify the email address you used during registration. Go to your Sporcle Settings to finish the process.

Report this User

Report this user for behavior that violates our Community Guidelines.

Details: